[Event "Heraklio op-B 11th"]
[Site "Heraklion"]
[Date "2007.06.11"]
[Round "3"]
[White "Tsaggaris, Spiridon"]
[Black "Giorntos, Vasilios"]
[Result "1-0"]
[WhiteElo "1385"]
[BlackElo "1580"]
[PlyCount "41"]
[EventDate "2007.06.09"]
[EventType "swiss"]
[EventRounds "9"]
[EventCountry "GRE"]
[SourceTitle "EXT 2008"]
[Source "ChessBase"]
[SourceDate "2007.11.25"]
[SourceVersion "1"]
[SourceVersionDate "2007.11.25"]
[SourceQuality "1"]

1. e4 c5 2. Nf3 d6 3. d4 cxd4 4. Nxd4 Nf6 5. Nc3 a6 6. Bg5 e6 7. f4 Nbd7 8. Qf3 Be7 9. 0-0-0 Qc7 10. g4 b5 11. Bxf6 Nxf6 12. g5 Nd7 13. f5 Bxg5+ 14. Kb1 e5 15. Nd5 Qb7 16. Qh5 Bd8 17. Ne6 Nf6 18. Nxg7+ Kf8 19. Qh6 Nxd5 20. Rxd5 Ke7 21. Qxd6# 1-0